| 000 | 00772nam a2200217 i 4500 | ||
|---|---|---|---|
| 001 | 88322 | ||
| 003 | ES-MaACL | ||
| 005 | 20250831132616.0 | ||
| 007 | t| | ||
| 008 | 050104s1901 fr ||||1| fre d | ||
| 100 | 1 |
_aLa Grasserie, Raoul de. _969156 |
|
| 245 | 1 | 0 |
_aDes principes sociologiques de la crimonologie / _cpar Raoul de la Grasserie ; avec une préface par C. Lombroso. |
| 260 |
_aParis : _b[s.n., _c1901] ( _eDuzauçais : _fImprimerie Deverdun) |
||
| 300 |
_aVII, 442 p. ; _c22 cm. |
||
| 490 | 1 | _aBibliothèque sociologique internationale | |
| 650 | 4 |
_aCriminología. _9135832 |
|
| 700 | 1 |
_aLombroso, Cesare, _d1835-1909 _9242173 |
|
| 830 | 0 |
_aBibliothèque sociologique internationale _9184184 |
|
| 852 |
_aES-MaACL _jF-11838 |
||
| 999 |
_c88322 _d88322 |
||